000 01329nam0a22002651 4500
001 rc\3243490
005 20260407114625.0
021 _aRU
_bРг10730-73
021 _aRU
_b73-57879
035 _a(NLR Aleph) 007376915
090 _a6466126
_c6466126
100 _a20130115d1973 |||y0rusy50 ca
101 0 _arus
102 _aRU
105 _ay d |||||
200 1 _aХозрасчетные взаимоотношения треста Уралстальконструкция и входящих в его состав специализированных управлений в условиях хозяйственной реформы
_e[Сборник]
_fМинмонтажспецстрой СССР. ЦБНТИ. Главстальконструкция
210 _aМосква
_cБ. и.
_d1973
215 _a39 с.
_d21
225 1 _aЭкспресс-информация
712 0 1 _aСССР
_bГлавное управление по изготовлению стальных конструкций и монтажу стальных и сложных железобетонных конструкций в промышленном строительстве
_9634976
_3RU\NLR\AUTH\8810066675
801 0 _aRU
_bNLR
_gpsbo
801 1 _aRU
_bELAR
_2rusmarc
852 _aNLR
_j73-4/21094
942 _cBOOK
980 _aNB